Statystyki dla Wszyscy słoweńscy skoczkowie narciarscy w historii

Kliknij tutaj aby rozwiązać quiz!

Ogólne statystyki

  • Ten quiz został rozwiązany 28 razy
  • Średni wynik to 29 z 114

Statystyki odpowiedzi

Odpowiedź% Poprawnych
Cene Prevc
100%
Domen Prevc
100%
Peter Prevc
100%
Anze Damjan
86%
Jernej Damjan
86%
Primoz Peterka
86%
Robert Kranjec
86%
Uros Peterka
86%
Jurij Tepes
79%
Timi Zajc
79%
Anze Semenić
71%
Anze Lanisek
64%
Bor Pavlovcić
50%
Damjan Fras
50%
Gasper Bartol
50%
Jan Kus
50%
Lovro Kos
50%
Nejc Dezman
50%
Rok Benković
50%
Tilen Bartol
50%
Ziga Jelar
50%
Bine Zupan
43%
Jaka Hvala
43%
Matjaz Zupan
43%
Primoz Pikl
43%
Primoz Urh-Zupan
43%
Primoz Zupan
43%
Rok Masle
43%
Rok Urbanc
43%
Zak Mogel
43%
Ernest Priślić
36%
Jure Bogataj
36%
Jure Sinkovec
36%
Marko Bogataj
36%
Peter Zonta
36%
Rok Justin
36%
Tine Bogataj
36%
Goran Janus
29%
Jan Bombek
29%
Maksim Bartolj
29%
Matija Vidic
29%
Mitja Meznar
29%
Tomaz Naglić
29%
Andraz Pograjc
21%
Bine Norcić
21%
Franci Petek
21%
Jernej Presecnik
21%
Matic Benedik
21%
Matjaz Pungertar
21%
Miran Zupancić
21%
Primoz Roglić
21%
Urban Franc
21%
Zoran Zupancić
21%
Aljaz Osterc
14%
Grega Lang
14%
Igor Medved
14%
Jaka Oblak
14%
Jure Radelj
14%
Nejc Frank
14%
Patrik Vitez
14%
Rok Mandl
14%
Rok Oblak
14%
Rok Tarman
14%
Rok Zima
14%
Taj Ekart
14%
Urban Zamernik
14%
Ziga Mandl
14%
Andraz Modic
7%
Bernard Dobre
7%
Blaż Bilban
7%
Bogo Sramel
7%
Dejan Judez
7%
Jaka Grosar
7%
Luka Filip
7%
Luka Leban
7%
Luka Robnik
7%
Mark Hafnar
7%
Matej Dobovsek
7%
Matevż Samec
7%
Matic Kramarsić
7%
Matija Stegnar
7%
Matija Stemberger
7%
Matjaz Kladnik
7%
Miha Rihtar
7%
Nik Heberle
7%
Primoz Kopac
7%
Robert Meglić
7%
Rolando Kaligaro
7%
Samo Gostisa
7%
Timotej Jeglić
7%
Tomi Jovan
7%
Urban Rogelj
7%
Aljaz Vodan
0%
Anze Lavtizar
0%
Blaz Vrhovnik
0%
Danilo Pudgar
0%
Dejan Jekovec
0%
Florjan Jelovcan
0%
Gasper Cavlović
0%
Gorazd Betroncelj
0%
Gorazj Zavrśnik
0%
Jernej Kosnjek
0%
Lovro Vodusek
0%
Marcel Strżinar
0%
Martin Capuder
0%
Matevż Sparovec
0%
Medard Brezovnik
0%
Miha Kveder
0%
Milan Zivić
0%
Nejc Seretinek
0%
Saso Komovec
0%
Simon Podrebrsek
0%
Tomaz Knafelj
0%
Zvonko Kordez
0%

Rozkład punktacji

Percentyl według liczby udzielonych odpowiedzi

Procent ludzi z każdym wynikiem

Twoja historia wyników

Nie rozwiązałeś tego quizu